| 000 | 00930nas a2200313 4500 | ||
|---|---|---|---|
| 001 | BR2012006939 | ||
| 003 | BR-BrBNA | ||
| 005 | 20231205121158.0 | ||
| 007 | ta | ||
| 008 | 230509b bl.|||p| |||| 00| 00por d | ||
| 040 |
_aBR-BrBNA _bpor _cBiblioteca Nacional de Agricultura |
||
| 041 | _a(Pt) | ||
| 072 | _aF30 | ||
| 100 | 1 | _aRamos, A.R.P. | |
| 100 | 1 | _aDias, R. de C.S. | |
| 100 | 1 | _aAragão, C.A. | |
| 100 | 1 | _aBatista, P.F. | |
| 100 | 1 | _aPires, M.M. da L. | |
| 245 | 1 | _aDesempenho de genótipos de melancia de frutos pequenos em diversas densidades de plantio | |
| 650 | _aMELANCIA | ||
| 650 | _aGENÓTIPO | ||
| 650 | _aCRESCIMENTO | ||
| 650 | _aDENSIDADE DE PLANTIO | ||
| 650 | _aVARIEDADE | ||
| 650 | _aESPAÇAMENTO | ||
| 773 | 0 |
_tHorticultura Brasileira (Brazil) _xISSN 0102-0536 _g(Apr-Jun 2012), v. 30(2) p. 333-338 _wBR2012006939 |
|
| 909 |
_a202311 _bLúcia _c55 _dLúcia Elande |
||
| 942 |
_2AGRIS _n0 _cANA |
||
| 999 |
_c222193 _d222193 |
||